000 00641nam a22002297a 4500
003 UA-OsUOA
001 88115
007 ta
008 20121001b un ||||| |||| 00| 0 ukr d
100 _aЕлеонская А. С.
090 _a82.09(091)
_bЕ50
942 _cBK
040 _aUA-OsUOA
_brus
_cUA-OsUOA
_dUA-OsUOA
245 _aРусская публицистика второй половины XVIIвека
300 _a271 с.
955 _a1
041 _arus
080 _a82.09(091)
260 _aМ.
_bНаука
_c1978
650 7 _a82 Література. Літературознавство
_2UDC
999 _c374486
_d374486